00425nam a2200169Ia 4500003000500000008004100005020001800046040001900064082000700083100002200090245004800112246002400160260003900184300001000223365000800233546001400241STCL230726s9999 xx 000 0 und d a9788182669277 aSTCLcSTCLbEN 222 aBalakrishnan, C V 0aഏതേതോ സരണികളിൽ aEthetho saranikalil bMathrubhumi BooksaKozhikodec2016 a229 p b220 aMalayalam